Вып. 1; Техника и технология разведочного бурения

Bibliographische Detailangaben
Parent link:Техника и технология разведочного бурения: сборник статей/ Казахский научно-исследовательский институт минерального сырья ; под ред. О. П. Леонтьева. Вып. 1.— , 1973-
Sprache:Russisch
Veröffentlicht: 1973
Schlagworte:
Format: Buch
KOHA link:https://koha.lib.tpu.ru/cgi-bin/koha/opac-detail.pl?biblionumber=276529

MARC

LEADER 00000nam2a2200000 4500
001 276529
005 20241023125848.0
035 |a (RuTPU)RU\TPU\book\299801 
090 |a 276529 
100 |a 20141124d1973 k y0rusy50 ca 
101 0 |a rus 
102 |a KZ 
105 |a a z 001zy 
181 0 |a i   |b  e  
182 0 |a n 
183 0 |a nc  |2 RDAcarrier 
200 0 |a Вып. 1 
203 |a Текст  |b визуальный  |c непосредственный 
210 |d 1973 
215 |a 185 с.  |c черт. 
283 |a volume  |2 RDAcarrier 
320 |a Библиография в конце статей 
461 1 |0 (RuTPU)RU\TPU\book\300005  |t Техника и технология разведочного бурения  |o сборник статей  |f Казахский научно-исследовательский институт минерального сырья ; под ред. О. П. Леонтьева  |v Вып. 1  |d 1973-  
606 1 |a Бурение разведочное  |2 stltpush  |3 (RuTPU)RU\TPU\subj\67672  |9 83393 
610 1 |a скважины 
610 1 |a искривления 
610 1 |a измерение 
610 1 |a направленное бурение 
610 1 |a гидроударное бурение 
610 1 |a гидроударники 
610 1 |a контрольно-измерительные приборы 
610 1 |a керны 
675 |a 550.822.7  |v 3 
801 1 |a RU  |b 63413507  |c 20141124 
801 2 |a RU  |b 63413507  |c 20190729  |g RCR 
942 |c CR